000 00704 a2200193 4500
999 _c1922
_d1922
020 _a9780415116800
050 _aLB 1025 CAP 1995
100 _aCapel, Susan.
_eauthor
245 _aLearning to teach in the secondary school
_ba companion to school experience/
_cby Susan Capel, Marilyn Leask and Tony Turner.
264 _aNew York:
_bRoutledge,
_c1995.
300 _axiv, 450p,
_bill.
440 _awith a foreword by Sir William Taylor, CBE
500 _aWith a foreword by Sir William Taylor, CBE Includes subject index, bibliography and appendix
650 _aEducation
650 _aTheory of education
700 _aMarilyn Leask
700 _aTony Turner
942 _2lcc
_cBK
_h1025
_iCAP
_kLB